000 006610000a22002050004500
020 _a958-04-1189-1
041 0 _aSPA
082 0 4 _aG 658.4 T481r
100 1 _aThomsett, Michael C.
245 1 0 _aLas reuniones de trabajo : Cómo planificarlas, organizarlas y dirigirlas en forma eficaz / Michael C. Thomsett ; Nicolás Suescún, Traductor
260 _aBarcelona : Norma
300 _a195 Pág.
500 _aTítulo original : The little black book of business meetings
650 1 4 _aADMINISTRACION
001 14515
942 _cBK
999 _c43374
_d43374
336 _atexto
_btxt
_2rdacontent
337 _2rdamedia
_asin mediación
_bn
338 _2rdacarrier
_avolumen
_bnc